[Event "II Open"]
[Site "Bolzano - Bozen ITA"]
[Date "2007.05.27"]
[Round "5"]
[White "Rinaldo, Gaetano"]
[Black "Niederkofler, Andreas"]
[Result "0-1"]
[WhiteElo "1700"]
[BlackElo "1691"]
[PlyCount "64"]
[EventDate "2007.05.25"]

1. e4 c5 2. Nf3 d6 3. d4 cxd4 4. Nxd4 Nf6 5. Nc3 a6 6. a4 Nc6 7. Be2 e6 8. O-O
Be7 9. Kh1 Qc7 10. f4 O-O 11. Nb3 b6 12. Bf3 Bb7 13. Be3 Nb4 14. Qe2 d5 15. e5
Ne4 16. Bxe4 dxe4 17. a5 b5 18. Rfd1 Nd5 19. Nxd5 Bxd5 20. Rac1 Rfc8 21. Bb6
Qb7 22. Qe3 Rc4 23. c3 Rac8 24. Rd2 h6 25. h3 Kh7 26. Rcd1 b4 27. Rd4 bxc3 28.
Rxc4 Bxc4 29. Nd4 cxb2 30. Rb1 Bd3 31. Rxb2 Qd5 32. Nb3 Ba3 0-1

[Event "II Open"]
[Site "Bolzano - Bozen ITA"]
[Date "2007.05.27"]
[Round "5"]
[White "Sader, Michael"]
[Black "Pichler, Christoph"]
[Result "1-0"]
[WhiteElo "2259"]
[BlackElo "1587"]
[PlyCount "63"]
[EventDate "2007.05.25"]

1. Nf3 c5 2. c4 Nc6 3. g3 g6 4. Bg2 Bg7 5. Nc3 e5 6. O-O Nge7 7. Rb1 d6 8. a3
Be6 9. d3 Rb8 10. b4 b6 11. Ng5 Bd7 12. Nge4 Be6 13. Bg5 f5 14. Nxc5 bxc5 15.
Bxc6+ Kf7 16. Nd5 Bxd5 17. Bxd5+ Kf8 18. Qa4 Qc7 19. Bg2 Kf7 20. Be3 Rb6 21.
bxc5 dxc5 22. Rb5 Rxb5 23. cxb5 Qb6 24. Qc4+ Kf6 25. Bxc5 Qa5 26. Bb4 Qb6 27.
a4 Rb8 28. Rc1 a6 29. Bxe7+ Kxe7 30. bxa6 Bh6 31. a7 Qxa7 32. Qh4+ 1-0

[Event "II Open"]
[Site "Bolzano - Bozen ITA"]
[Date "2007.05.27"]
[Round "5"]
[White "Spornberger, Maximilian"]
[Black "Kaserer, Hans-Peter"]
[Result "1-0"]
[WhiteElo "1707"]
[BlackElo "1982"]
[PlyCount "41"]
[EventDate "2007.05.25"]

1. Nf3 Nf6 2. g3 e6 3. Bg2 d5 4. O-O Bd6 5. d3 O-O 6. Nbd2 e5 7. e4 d4 8. Nc4
Re8 9. Nxd6 Qxd6 10. Nh4 c5 11. h3 Nc6 12. f4 h6 13. f5 b5 14. g4 c4 15. g5
hxg5 16. Bxg5 Rb8 17. Qf3 Rb6 18. Qg3 Ne7 19. Kh1 Nh7 20. f6 Nc6 21. Bh6 1-0

[Event "II Open"]
[Site "Bolzano - Bozen ITA"]
[Date "2007.05.27"]
[Round "5"]
[White "Stivaletta, Andrea"]
[Black "Facchetti, Lorenzo"]
[Result "1/2-1/2"]
[WhiteElo "1739"]
[BlackElo "1440"]
[PlyCount "43"]
[EventDate "2007.05.25"]

1. e4 c5 2. Nf3 d6 3. d4 cxd4 4. Nxd4 Nf6 5. Nc3 g6 6. Be2 Bg7 7. Be3 O-O 8.
Qd2 a6 9. Bf3 Nbd7 10. Be2 Qc7 11. f4 b5 12. Nd5 Nxd5 13. exd5 Re8 14. c3 Bb7
15. Bf3 Nb6 16. Rg1 Nc4 17. Qf2 Nxe3 18. Qxe3 e6 19. dxe6 Bxd4 20. Qxd4 Rxe6+
21. Kf2 Bxf3 22. gxf3 1/2-1/2

[Event "II Open"]
[Site "Bolzano - Bozen ITA"]
[Date "2007.05.28"]
[Round "6"]
[White "Bevilacqua, Maurizio"]
[Black "Spornberger, Maximilian"]
[Result "1-0"]
[WhiteElo "2170"]
[BlackElo "1707"]
[PlyCount "79"]
[EventDate "2007.05.25"]

1. d4 Nf6 2. c4 g6 3. Nc3 Bg7 4. e4 d6 5. f3 O-O 6. Bg5 b6 7. Qd2 c5 8. d5 a6
9. Nge2 Nbd7 10. Ng3 Rb8 11. a4 Qc7 12. Be2 Bb7 13. O-O Rbd8 14. Rad1 Nb8 15.
Qf4 Ne8 16. Qh4 Bf6 17. f4 Bxg5 18. Qxg5 Ng7 19. Rd3 f5 20. exf5 Nxf5 21. Nxf5
Rxf5 22. Qh6 Bc8 23. Bg4 Rf7 24. Be6 Bxe6 25. dxe6 Rg7 26. Nd5 Qc8 27. f5 Rf8
28. f6 exf6 29. e7 Rff7 30. Nxf6+ Rxf6 31. Rxf6 Rxe7 32. Rdf3 Nd7 33. Rxd6 Ne5
34. Rf1 Ng4 35. Qd2 Qc7 36. Qf4 Rf7 37. Qxf7+ Qxf7 38. Rxf7 Kxf7 39. Rxb6 Ne5
40. b3 1-0

[Event "II Open"]
[Site "Bolzano - Bozen ITA"]
[Date "2007.05.28"]
[Round "6"]
[White "Buglisi, Massimo"]
[Black "De Bettin, Sergio"]
[Result "0-1"]
[WhiteElo "1650"]
[BlackElo "1840"]
[PlyCount "56"]
[EventDate "2007.05.25"]

1. d4 e6 2. c4 d5 3. Nc3 Nf6 4. cxd5 exd5 5. Bg5 Be7 6. e3 Bf5 7. Qb3 Nbd7 8.
Qxb7 Rb8 9. Qxa7 Rxb2 10. Bb5 O-O 11. Nf3 Bb4 12. O-O Bxc3 13. Bxd7 Qxd7 14.
Ne5 Qd6 15. Bf4 Qb6 16. Qa3 Ba5 17. Rac1 Qb4 18. Qxb4 Bxb4 19. Rxc7 Rxa2 20.
Rb7 Bd6 21. Nc6 Bxf4 22. Ne7+ Kh8 23. Nxf5 g6 24. Rb6 Bxh2+ 25. Kxh2 Ng4+ 26.
Kg3 gxf5 27. Rd6 Rg8 28. Kf3 Nh2+ 0-1

[Event "II Open"]
[Site "Bolzano - Bozen ITA"]
[Date "2007.05.28"]
[Round "6"]
[White "Dallaglio, Giovanni"]
[Black "Pivovarov, Michail"]
[Result "1-0"]
[WhiteElo "2027"]
[BlackElo "1973"]
[PlyCount "145"]
[EventDate "2007.05.25"]

1. d4 Nf6 2. Nf3 d5 3. c4 c6 4. Nc3 g6 5. e3 Bg4 6. h3 Bxf3 7. Qxf3 Bg7 8. Bd3
O-O 9. O-O Na6 10. Rd1 Nc7 11. b3 a6 12. Bb2 Nh5 13. g4 Nf6 14. e4 dxe4 15.
Nxe4 Nxe4 16. Bxe4 e6 17. Qe3 f5 18. Bf3 Qh4 19. Kg2 Rae8 20. Ba3 fxg4 21. hxg4
Rf7 22. Bd6 Qd8 23. Bg3 Qd7 24. Rd3 Qe7 25. Re1 Qf8 26. g5 e5 27. d5 cxd5 28.
cxd5 Qd6 29. Be4 Ref8 30. a4 Ne8 31. Bf3 Rxf3 32. Qxf3 Rxf3 33. Kxf3 Qf8+ 34.
Kg2 Qf5 35. Red1 Nd6 36. Re3 Qxg5 37. Rde1 Nf5 38. Rd3 Nd6 39. Rde3 h5 40. Kf1
Nf5 41. Rd3 Nxg3+ 42. Rxg3 Qf6 43. Rd1 Qd6 44. b4 Bh6 45. b5 axb5 46. axb5 Bf4
47. Rc3 h4 48. b6 g5 49. Rc7 h3 50. Ra1 Qf8 51. d6 Qxd6 52. Ra8+ Qf8 53. Rxf8+
Kxf8 54. Rxb7 e4 55. Rh7 h2 56. Kg2 Ke8 57. Ra7 g4 58. Ra4 Kd7 59. Rxe4 Bb8 60.
Rxg4 Kc6 61. Rg6+ Kb7 62. Rh6 Bf4 63. Rf6 Be5 64. Rf5 Bb8 65. f4 Kxb6 66. Kxh2
Kc6 67. Kg3 Kd6 68. Kg4 Ke6 69. Kg5 Ba7 70. Ra5 Bd4 71. Kg6 Bc3 72. Ra2 Ke7 73.
f5 1-0

[Event "II Open"]
[Site "Bolzano - Bozen ITA"]
[Date "2007.05.28"]
[Round "6"]
[White "Delago, Elisabeth"]
[Black "Stivaletta, Andrea"]
[Result "0-1"]
[WhiteElo "1455"]
[BlackElo "1739"]
[PlyCount "74"]
[EventDate "2007.05.25"]

1. c4 e5 2. Nc3 Nf6 3. d3 d5 4. b3 d4 5. Na4 a6 6. Nb2 Bb4+ 7. Bd2 Qd6 8. Bxb4
Qxb4+ 9. Qd2 Nc6 10. O-O-O Qa3 11. Kb1 b5 12. Rc1 Be6 13. g3 Nb4 14. Nd1 bxc4
15. dxc4 Rb8 16. Qb2 Qxb2+ 17. Nxb2 Ne4 18. h4 Nxf2 19. Rh2 Ng4 20. Rg2 Ne3 21.
Rf2 Bf5+ 22. Nd3 Bg6 23. Ka1 Ng4 24. Nh3 Nxf2 25. Nhxf2 Nxd3 26. Nxd3 Bxd3 27.
exd3 O-O 28. Bg2 f5 29. Re1 Rbe8 30. Kb2 e4 31. dxe4 fxe4 32. Bxe4 Rf2+ 33. Kc1
Kf8 34. Kd1 Rxa2 35. g4 Ra1+ 36. Kd2 Rxe1 37. Kxe1 Rxe4+ 0-1

[Event "II Open"]
[Site "Bolzano - Bozen ITA"]
[Date "2007.05.28"]
[Round "6"]
[White "Gasparro, Antonio"]
[Black "Demetz, Ernst"]
[Result "0-1"]
[WhiteElo "1473"]
[BlackElo "1389"]
[PlyCount "50"]
[EventDate "2007.05.25"]

1. c4 b6 2. Nc3 e5 3. Nf3 d6 4. d4 exd4 5. Nxd4 Nf6 6. e3 Be7 7. Qf3 c6 8. Nxc6
Nxc6 9. Qxc6+ Bd7 10. Qf3 O-O 11. Bd3 Bg4 12. Qf4 Qd7 13. h3 Be6 14. O-O d5 15.
b3 dxc4 16. Bxc4 Bxc4 17. Qxc4 Rac8 18. Rd1 Qb7 19. Qd4 Rcd8 20. Qf4 Rxd1+ 21.
Nxd1 Qd7 22. Bb2 Qd2 23. Qc7 Nd5 24. Qxa7 Bd6 25. Bd4 Qe1# 0-1

[Event "II Open"]
[Site "Bolzano - Bozen ITA"]
[Date "2007.05.28"]
[Round "6"]
[White "Gerstl, Karl"]
[Black "Danti, Alessandro"]
[Result "1-0"]
[WhiteElo "1826"]
[BlackElo "1431"]
[PlyCount "158"]
[EventDate "2007.05.25"]

1. Nf3 Nf6 2. g3 g6 3. Bg2 Bg7 4. O-O O-O 5. d4 d6 6. Bg5 Nbd7 7. Nc3 h6 8. Bf4
Nh5 9. Bd2 Nhf6 10. Qc1 Kh7 11. Nd1 e5 12. dxe5 Nxe5 13. Nxe5 dxe5 14. Ne3 c6
15. Bc3 Nd5 16. Rd1 Nxc3 17. bxc3 Qc7 18. Rb1 Be6 19. Qb2 Rab8 20. a3 f5 21.
Qb4 f4 22. Nf1 fxg3 23. Nxg3 Qf7 24. f3 Bd5 25. e4 Be6 26. Qc5 h5 27. Qxa7 h4
28. Ne2 h3 29. Bh1 Bc4 30. Qf2 Qe7 31. Kf1 g5 32. Ke1 g4 33. Rb4 b5 34. Ng3 Be6
35. Nf5 Bxf5 36. exf5 Rxf5 37. Rxg4 Kg8 38. Qh4 Qxh4+ 39. Rxh4 Rf4 40. Rxh3 Ra8
41. Bg2 Rxa3 42. Rd8+ Kf7 43. Rd7+ Kg8 44. Rg3 Rf7 45. Rd8+ Rf8 46. Rd3 Ra1+
47. Ke2 Ra2 48. Kd2 e4 49. Rd7 Rf7 50. Rxf7 Kxf7 51. fxe4 Be5 52. Rf3+ Ke6 53.
h4 Ra8 54. h5 Rg8 55. Bh3+ Ke7 56. Bf5 Rg2+ 57. Kc1 Rh2 58. Rh3 Rxh3 59. Bxh3
Bxc3 60. Kd1 Bg7 61. Kd2 Kf6 62. Bd7 Ke5 63. Bxc6 b4 64. Kd3 Bf8 65. Kc4 Kd6
66. Bb7 Kc7 67. Bd5 Be7 68. h6 Kb6 69. h7 Bf6 70. Kxb4 Kc7 71. c4 Bd4 72. c5
Be5 73. Kc4 Bf6 74. Bf7 Kc6 75. Be8+ Kc7 76. Kd5 Kd8 77. Bh5 Kc7 78. e5 Bg7 79.
e6 Kd8 1-0

[Event "II Open"]
[Site "Bolzano - Bozen ITA"]
[Date "2007.05.28"]
[Round "6"]
[White "Nischler, Hermann"]
[Black "Facchetti, Lorenzo"]
[Result "1/2-1/2"]
[WhiteElo "1580"]
[BlackElo "1440"]
[PlyCount "80"]
[EventDate "2007.05.25"]

1. e4 c5 2. f4 d6 3. Nf3 Nf6 4. Nc3 g6 5. Bc4 Bg7 6. a3 O-O 7. O-O a6 8. d3 e6
9. Rb1 Nc6 10. Ne2 Qc7 11. c3 b5 12. Ba2 b4 13. c4 Rb8 14. a4 Qb6 15. b3 Bb7
16. Be3 Ng4 17. Bd2 Ne7 18. h3 Nf6 19. Ng3 Nc6 20. Be3 Nd7 21. Qe2 a5 22. Rbd1
Bc3 23. Bb1 Nd4 24. Nxd4 cxd4 25. Bf2 e5 26. f5 Nf6 27. fxg6 fxg6 28. Be1 Nd7
29. Bd2 Bxd2 30. Qxd2 Nc5 31. Bc2 Qc7 32. Qg5 Ne6 33. Qd2 Nf4 34. Kh2 Qd7 35.
Ne2 Ne6 36. Ng1 Rbe8 37. Rf3 Rxf3 38. Nxf3 Nf4 39. Qf2 Bc8 40. Qh4 Qe7 1/2-1/2

[Event "II Open"]
[Site "Bolzano - Bozen ITA"]
[Date "2007.05.28"]
[Round "6"]
[White "Paltrinieri, Nicholas"]
[Black "Sinner, Armin"]
[Result "1/2-1/2"]
[WhiteElo "1872"]
[BlackElo "1506"]
[PlyCount "83"]
[EventDate "2007.05.25"]

1. f4 e6 2. Nf3 Nc6 3. e3 Nf6 4. b3 b6 5. Bb2 Bb7 6. Be2 Be7 7. O-O O-O 8. Kh1
d6 9. d3 Ng4 10. Qd2 Nh6 11. e4 f5 12. e5 dxe5 13. fxe5 Ng4 14. h3 Nh6 15. d4
Nf7 16. c4 Bg5 17. Qc3 Ne7 18. b4 Bh6 19. Nbd2 Ng5 20. Nxg5 Bxg5 21. Bf3 Bxf3
22. Rxf3 Bh6 23. Nb3 c6 24. a4 Rc8 25. Rd3 Qe8 26. Ba3 Qf7 27. Qc2 Rfd8 28.
Rad1 Ng6 29. Bc1 Bxc1 30. Qxc1 Qe7 31. Qc3 a6 32. c5 b5 33. axb5 axb5 34. Na5
Nf4 35. Rf3 Nd5 36. Qb2 Rc7 37. Ra1 Qg5 38. Kh2 h6 39. Raa3 Qh4 40. g3 Qg5 41.
h4 Qg4 42. Rad3 1/2-1/2

[Event "II Open"]
[Site "Bolzano - Bozen ITA"]
[Date "2007.05.28"]
[Round "6"]
[White "Pretto, Aldo"]
[Black "Wieser, Christof"]
[Result "1-0"]
[WhiteElo "1491"]
[BlackElo "1308"]
[PlyCount "47"]
[EventDate "2007.05.25"]

1. c4 e5 2. Nc3 Bc5 3. Nf3 d6 4. Qa4+ Bd7 5. Qb3 b6 6. g3 Nf6 7. Bg2 e4 8. Ng5
O-O 9. Ngxe4 Re8 10. Nxf6+ Qxf6 11. O-O Nc6 12. Nd5 Qd8 13. d3 Nd4 14. Qd1
Nxe2+ 15. Kh1 Be6 16. Be3 Bxd5 17. Bxd5 Bxe3 18. fxe3 Rxe3 19. Rxf7 Kh8 20. Qf1
Rxg3 21. Qxe2 Qh4 22. Qf2 h6 23. Bxa8 Kh7 24. Be4+ 1-0

[Event "II Open"]
[Site "Bolzano - Bozen ITA"]
[Date "2007.05.28"]
[Round "6"]
[White "Scharrer, Patrick"]
[Black "Sader, Michael"]
[Result "1/2-1/2"]
[WhiteElo "2161"]
[BlackElo "2259"]
[PlyCount "100"]
[EventDate "2007.05.25"]

1. e4 c5 2. Nf3 e6 3. d3 d6 4. g3 Nf6 5. Bg2 Be7 6. O-O Qc7 7. Re1 Nbd7 8. c3
b6 9. d4 cxd4 10. cxd4 Bb7 11. Nc3 a6 12. e5 dxe5 13. dxe5 Nd5 14. Ne4 O-O 15.
Bg5 Bxg5 16. Nexg5 h6 17. Qd3 hxg5 18. Nxg5 N5f6 19. exf6 Nxf6 20. Rac1 Qe7 21.
Rc4 Rfd8 22. Qc2 Bxg2 23. Kxg2 Qb7+ 24. Kg1 Rac8 25. Rd1 b5 26. Rxc8 Rxc8 27.
Qd3 Qd5 28. Qxd5 Nxd5 29. Rd2 b4 30. a3 a5 31. axb4 axb4 32. Kf1 Rc6 33. h4 Kf8
34. Ke2 Ke7 35. Kd3 f6 36. Nf3 e5 37. Re2 Kd6 38. Nd2 Nb6 39. Re4 Kc5 40. Rg4
Rc7 41. Kc2 Rd7 42. h5 Kb5 43. Rg6 Nd5 44. Ne4 Kc4 45. b3+ Kb5 46. Kb2 Ka5 47.
Nc5 Re7 48. Ne4 Rd7 49. Nc5 Re7 50. Ne4 Rd7 1/2-1/2

[Event "II Open"]
[Site "Bolzano - Bozen ITA"]
[Date "2007.05.28"]
[Round "6"]
[White "Wendel, Liu"]
[Black "Perfler, Manfred"]
[Result "1/2-1/2"]
[WhiteElo "1404"]
[BlackElo "1661"]
[PlyCount "84"]
[EventDate "2007.05.25"]

1. e4 e5 2. Nf3 Nc6 3. Bc4 Bc5 4. O-O Nf6 5. d3 d6 6. h3 O-O 7. Bg5 Na5 8. Nc3
c6 9. a3 Nxc4 10. dxc4 Bb6 11. Nh2 Be6 12. Ng4 Bxc4 13. Nxf6+ gxf6 14. Bh6 f5
15. exf5 Qh4 16. Qxd6 Rfd8 17. Qb4 a5 18. Bg5 Qxf2+ 19. Rxf2 Bxf2+ 20. Kxf2
axb4 21. Bxd8 bxc3 22. b3 Bxb3 23. cxb3 Rxd8 24. Rc1 Rd2+ 25. Ke1 Rd3 26. Rc2
e4 27. h4 e3 28. g4 b5 29. Rc1 c5 30. Ke2 Rd4 31. Rxc3 c4 32. bxc4 bxc4 33.
Rxe3 Rxg4 34. f6 h5 35. a4 c3 36. Rxc3 Rxa4 37. Rc5 Rxh4 38. Kf2 Rf4+ 39. Kg3
Rxf6 40. Rxh5 Rg6+ 41. Kf4 Kg7 42. Kf5 Rf6+ 1/2-1/2

[Event "II Open"]
[Site "Bolzano - Bozen ITA"]
[Date "2007.05.28"]
[Round "6"]
[White "Wieser, Josef"]
[Black "Bernardi, Ruben"]
[Result "0-1"]
[WhiteElo "1605"]
[BlackElo "2109"]
[PlyCount "102"]
[EventDate "2007.05.25"]

1. e4 d5 2. exd5 Qxd5 3. Nc3 Qa5 4. Nf3 Nf6 5. Be2 c6 6. O-O Bg4 7. h3 Bf5 8.
d3 e5 9. Re1 Nbd7 10. Bd2 O-O-O 11. Ng5 Bg6 12. Nge4 Qc7 13. Bg5 h6 14. Bh4 Kb8
15. Bg4 Bb4 16. Bxd7 Nxe4 17. Bxd8 Rxd8 18. Nxe4 Bxe1 19. Qxe1 Qxd7 20. Qb4 Kc8
21. Qa5 Bxe4 22. dxe4 Qd4 23. Re1 Rd7 24. Qa3 f6 25. b3 Qc3 26. Qc1 Rd2 27. Re3
Qd4 28. Qf1 Rxc2 29. Rd3 Qb2 30. Rd1 Re2 31. a3 Qc2 32. f3 Qc5+ 33. Kh1 Qe3 34.
b4 Kc7 35. a4 Qf2 36. Qxf2 Rxf2 37. Rb1 b6 38. b5 c5 39. Ra1 Rd2 40. Kh2 Rd4
41. h4 g6 42. Kh3 h5 43. Ra3 f5 44. exf5 gxf5 45. Re3 Kd6 46. a5 bxa5 47. Ra3
a4 48. Kg3 Kd5 49. Kh3 e4 50. g4 fxg4+ 51. fxg4 Rd3+ 0-1

[Event "II Open"]
[Site "Bolzano - Bozen ITA"]
[Date "2007.05.28"]
[Round "7"]
[White "Danti, Alessandro"]
[Black "Delago, Elisabeth"]
[Result "0-1"]
[WhiteElo "1431"]
[BlackElo "1455"]
[PlyCount "114"]
[EventDate "2007.05.25"]

1. d4 c6 2. Nf3 d5 3. Bf4 Bf5 4. c3 e6 5. Nbd2 Nf6 6. e3 Be7 7. Ne5 Nbd7 8. Qb3
Nxe5 9. Bxe5 Qb6 10. Qxb6 axb6 11. Be2 O-O 12. O-O c5 13. Nf3 Be4 14. Nd2 Bf5
15. Bc7 Bd8 16. Bd6 Re8 17. dxc5 bxc5 18. Bxc5 Nd7 19. Bd4 e5 20. e4 dxe4 21.
Be3 Bb6 22. Bb5 Bxe3 23. fxe3 g6 24. Nb3 Red8 25. Rfd1 b6 26. Bc4 Rdc8 27. Be2
Nc5 28. Nxc5 Rxc5 29. Rd6 b5 30. Rb6 Bd7 31. Rb7 Rd5 32. Kf2 Kg7 33. Ke1 Bc6
34. Rc7 Rd6 35. c4 bxc4 36. Bxc4 Bd5 37. Bxd5 Rxd5 38. Rc2 Kf8 39. b4 Ra4 40.
Rb2 Rb5 41. a3 Ke7 42. Rd2 f5 43. g3 Rbxb4 44. axb4 Rxa1+ 45. Rd1 Rxd1+ 46.
Kxd1 Kd6 47. Kc2 Kc6 48. Kd2 Kb5 49. Kc3 h6 50. Kb3 g5 51. Kc3 h5 52. h3 h4 53.
gxh4 gxh4 54. Kd2 Kxb4 55. Ke2 Kc3 56. Ke1 Kd3 57. Kf2 Kd2 0-1

[Event "II Open"]
[Site "Bolzano - Bozen ITA"]
[Date "2007.05.28"]
[Round "7"]
[White "De Bettin, Sergio"]
[Black "Niederkofler, Andreas"]
[Result "1/2-1/2"]
[WhiteElo "1840"]
[BlackElo "1691"]
[PlyCount "21"]
[EventDate "2007.05.25"]

1. e4 c5 2. Nf3 d6 3. d4 cxd4 4. Nxd4 Nf6 5. Nc3 a6 6. Be2 e6 7. Be3 Qc7 8. a4
Nc6 9. Nb3 b6 10. O-O Be7 11. f4 1/2-1/2

[Event "II Open"]
[Site "Bolzano - Bozen ITA"]
[Date "2007.05.28"]
[Round "7"]
[White "Delago, Hans"]
[Black "Gasparro, Antonio"]
[Result "0-1"]
[WhiteElo "1473"]
[BlackElo "1473"]
[PlyCount "90"]
[EventDate "2007.05.25"]

1. d4 Nf6 2. c4 e6 3. Nc3 c5 4. Nf3 d6 5. e3 g6 6. Be2 Bg7 7. O-O O-O 8. Bd3 a6
9. Re1 cxd4 10. exd4 d5 11. c5 Nc6 12. a3 Nd7 13. Bg5 Qc7 14. Be3 b6 15. b4
bxc5 16. bxc5 Nxc5 17. Bc2 Bd7 18. Na4 Nxa4 19. Bxa4 Rfc8 20. Rc1 Qa7 21. Bxc6
Rxc6 22. Ne5 Rxc1 23. Qxc1 Rc8 24. Qd2 Bb5 25. Rc1 Rxc1+ 26. Qxc1 Qe7 27. f4
Bf8 28. f5 exf5 29. Bd2 Qxa3 30. Qxa3 Bxa3 31. Kf2 Bd6 32. Bh6 a5 33. Ke1 a4
34. Kd2 a3 35. Kc2 f6 36. Kb3 fxe5 37. dxe5 Bxe5 38. Kxa3 Bxh2 39. Kb3 Be5 40.
Kc2 d4 41. Kd2 d3 42. Bg5 Bd6 43. Be3 f4 44. Bf2 Bb4+ 45. Kc1 d2+ 0-1

[Event "II Open"]
[Site "Bolzano - Bozen ITA"]
[Date "2007.05.28"]
[Round "7"]
[White "Demetz, Ernst"]
[Black "Nischler, Hermann"]
[Result "0-1"]
[WhiteElo "1389"]
[BlackElo "1580"]
[PlyCount "118"]
[EventDate "2007.05.25"]

1. e4 d5 2. exd5 Qxd5 3. Nc3 Qa5 4. d4 Nf6 5. Bd2 c6 6. Nf3 Bg4 7. Be2 Nbd7 8.
Ne4 Qd8 9. Nxf6+ Nxf6 10. O-O e6 11. Bc4 Be7 12. Bg5 O-O 13. Qd3 Bxf3 14. gxf3
Nd5 15. Bxe7 Qxe7 16. Kh1 g6 17. Rg1 Rad8 18. Qd2 Qf6 19. Rg3 Ne7 20. c3 Nf5
21. Rg4 c5 22. d5 exd5 23. Bxd5 b5 24. a4 Qe5 25. Bxf7+ Kxf7 26. Qg5 b4 27. Re4
Qf6 28. Qf4 bxc3 29. bxc3 Kg8 30. Rc4 Qc6 31. Rg1 Nd6 32. Rd1 Rxf4 33. Rxf4 Rf8
34. Rxf8+ Kxf8 35. Kg2 Kg7 36. h4 Nf5 37. Rh1 Qxa4 38. Rh3 h5 39. Kh2 Qc2 40.
Kg2 Qxc3 41. f4 Qxh3+ 42. Kxh3 a5 43. Kg2 a4 44. Kf1 a3 45. Ke2 a2 46. Kd3 a1=R
47. Kc4 Nxh4 48. Kxc5 Nf5 49. Kd5 Re1 50. f3 h4 51. Kc4 h3 52. Kc3 h2 53. Kd2
Re8 54. Kd3 h1=R 55. Kc4 Rd8 56. Kc5 Rc1+ 57. Kb6 Rd2 58. Kb7 Rb2+ 59. Ka6 Ra1#
0-1

[Event "II Open"]
[Site "Bolzano - Bozen ITA"]
[Date "2007.05.28"]
[Round "7"]
[White "Facchetti, Lorenzo"]
[Black "Gerstl, Karl"]
[Result "0-1"]
[WhiteElo "1440"]
[BlackElo "1826"]
[PlyCount "51"]
[EventDate "2007.05.25"]

1. d4 c5 2. d5 Nf6 3. c4 b5 4. cxb5 Qa5+ 5. Nc3 a6 6. Bd2 axb5 7. Ne4 Qb6 8.
Nxf6+ Qxf6 9. Bc3 Qb6 10. Qc2 b4 11. Bd4 d6 12. e4 Bd7 13. Be3 g6 14. Bc4 Bg7
15. Rd1 Bc8 16. Ne2 Nd7 17. f4 Ba6 18. b3 Bxc4 19. bxc4 Qa6 20. Nc1 Nb6 21. O-O
Qxc4 22. Rd2 Qxc2 23. Rxc2 O-O 24. Nd3 Na4 25. e5 Nc3 26. Kf2 0-1

[Event "II Open"]
[Site "Bolzano - Bozen ITA"]
[Date "2007.05.28"]
[Round "7"]
[White "Kaserer, Hans-Peter"]
[Black "Dallaglio, Giovanni"]
[Result "1-0"]
[WhiteElo "1982"]
[BlackElo "2027"]
[PlyCount "69"]
[EventDate "2007.05.25"]

1. d4 d5 2. c4 e6 3. Nc3 Be7 4. Nf3 Nf6 5. Bg5 O-O 6. e3 h6 7. Bh4 Ne4 8. Bg3
c5 9. cxd5 Nxc3 10. bxc3 exd5 11. Be2 Nc6 12. O-O Be6 13. Rb1 cxd4 14. cxd4 Qd7
15. Qb3 Na5 16. Qc3 b6 17. Ba6 Bd6 18. Rfc1 Bxg3 19. hxg3 f6 20. Qc7 Qxc7 21.
Rxc7 Bc8 22. Bd3 Be6 23. Rbc1 Rfc8 24. Ba6 Rxc7 25. Rxc7 Nc4 26. Ne1 Nd6 27.
Nd3 Ne8 28. Re7 Bf7 29. Nb4 Nd6 30. Rd7 Ne8 31. Bb7 Be6 32. Re7 Rb8 33. Rxe6
Kf7 34. Bxd5 Rd8 35. Rd6+ 1-0

[Event "II Open"]
[Site "Bolzano - Bozen ITA"]
[Date "2007.05.28"]
[Round "7"]
[White "Pichler, Christoph"]
[Black "Paltrinieri, Nicholas"]
[Result "1/2-1/2"]
[WhiteElo "1587"]
[BlackElo "1872"]
[PlyCount "131"]
[EventDate "2007.05.25"]

1. e4 d5 2. exd5 Nf6 3. d4 Nxd5 4. c4 Nb6 5. Nf3 g6 6. Nc3 Bg7 7. Be3 O-O 8.
Qd2 Nc6 9. b3 e5 10. d5 Ne7 11. Bh6 Re8 12. Bxg7 Kxg7 13. O-O-O c6 14. d6 Ng8
15. h4 h6 16. g3 Bg4 17. Be2 a5 18. a4 Nd7 19. Ng1 Be6 20. Qe3 Ngf6 21. f3 Qb6
22. Qxb6 Nxb6 23. g4 Red8 24. g5 hxg5 25. hxg5 Ne8 26. Ne4 Bf5 27. Rh4 Bxe4 28.
Rxe4 f6 29. f4 Rxd6 30. Rxd6 Nxd6 31. gxf6+ Kxf6 32. Rxe5 Nd7 33. Re3 Nf5 34.
Rh3 Nc5 35. Bd1 Rd8 36. Bc2 Nd4 37. Rg3 Nf5 38. Bxf5 gxf5 39. Kc2 Ne4 40. Rd3
Rg8 41. Nf3 Rg4 42. Rd7 Nc5 43. Rd6+ Ke7 44. Rd4 Ne6 45. Rd3 Rxf4 46. Ne5 Rd4
47. Rxd4 Nxd4+ 48. Kc3 c5 49. Nd3 Kd6 50. Kb2 Ne2 51. Kc2 f4 52. Kd2 f3 53. Ke3
Nd4 54. Ne1 Ke5 55. Nd3+ Kd6 56. Ne1 f2 57. Kxf2 Nxb3 58. Ke3 Nd4 59. Nd3 Nc6
60. Kd2 Ne5 61. Nb2 Ke6 62. Ke3 Kf5 63. Kd2 Ke4 64. Kc3 Ke3 65. Nd1+ Ke2 66.
Nb2 1/2-1/2

[Event "II Open"]
[Site "Bolzano - Bozen ITA"]
[Date "2007.05.28"]
[Round "7"]
[White "Pivovarov, Michail"]
[Black "Nicolodi, Raoul"]
[Result "0-1"]
[WhiteElo "1973"]
[BlackElo "1500"]
[PlyCount "102"]
[EventDate "2007.05.25"]

1. b4 d5 2. Bb2 Bf5 3. Nf3 e6 4. e3 Nf6 5. a3 Nbd7 6. c4 c6 7. d4 Bd6 8. Nbd2
O-O 9. Be2 b6 10. Nh4 Bg6 11. c5 bxc5 12. Nxg6 hxg6 13. bxc5 Bc7 14. Bc3 e5 15.
Qa4 exd4 16. Bxd4 Ba5 17. f3 Qc7 18. Rd1 Rfe8 19. O-O Bxd2 20. Rxd2 Nf8 21. Rb1
Rab8 22. Rdb2 Rxb2 23. Rxb2 Ne6 24. Qa6 Nxd4 25. exd4 Qf4 26. Rc2 Qxd4+ 27. Kf1
Qa1+ 28. Kf2 d4 29. Qd3 Nd5 30. Qd1 Qxd1 31. Bxd1 Ne3 32. Rd2 Nxd1+ 33. Rxd1
Rd8 34. Ke2 Kf8 35. Kd3 Ke7 36. Rb1 Rd7 37. a4 Ke6 38. Rb4 Ke5 39. g3 g5 40. a5
a6 41. Ra4 Rb7 42. f4+ gxf4 43. gxf4+ Kd5 44. Rxd4+ Kxc5 45. f5 Rb3+ 46. Ke4
Rb4 47. Rxb4 Kxb4 48. h4 f6 49. h5 c5 50. Kd3 Kb3 51. Kd2 c4 0-1

[Event "II Open"]
[Site "Bolzano - Bozen ITA"]
[Date "2007.05.28"]
[Round "7"]
[White "Rinaldo, Gaetano"]
[Black "Wendel, Liu"]
[Result "1-0"]
[WhiteElo "1700"]
[BlackElo "1404"]
[PlyCount "89"]
[EventDate "2007.05.25"]

1. e4 e5 2. Nf3 Nc6 3. Bb5 a6 4. Ba4 Nf6 5. O-O b5 6. Bb3 Bc5 7. d3 h6 8. c3 d6
9. h3 O-O 10. Re1 Bb7 11. Nbd2 Re8 12. Nf1 a5 13. Ne3 Bb6 14. Qd2 a4 15. Bc2
Ne7 16. g4 Ng6 17. Ng2 d5 18. Qe2 c6 19. g5 hxg5 20. Bxg5 Qd6 21. Nfh4 Nf4 22.
Nxf4 exf4 23. Nf5 Qd8 24. e5 Bc8 25. Bxf6 Qxf6 26. exf6 Rxe2 27. Rxe2 Bxf5 28.
Kh2 g6 29. Rae1 Kf8 30. f3 Be6 31. d4 Bd8 32. Bxg6 Ra7 33. Bf5 Bxf6 34. Bxe6
fxe6 35. Rxe6 Bh4 36. R1e5 Bg3+ 37. Kg2 Rg7 38. Re8+ Kf7 39. R5e7+ Kg6 40.
Rxg7+ Kxg7 41. Rc8 Kf7 42. Rxc6 Ke7 43. Rc5 Kd6 44. Rxb5 Bh4 45. Ra5 1-0

[Event "II Open"]
[Site "Bolzano - Bozen ITA"]
[Date "2007.05.28"]
[Round "7"]
[White "Sader, Michael"]
[Black "Bernardi, Ruben"]
[Result "1-0"]
[WhiteElo "2259"]
[BlackElo "2109"]
[PlyCount "67"]
[EventDate "2007.05.25"]

1. Nf3 d5 2. c4 c6 3. e3 a6 4. b3 Nf6 5. Bb2 Bg4 6. Be2 e6 7. Qc2 Nbd7 8. d3
Bd6 9. Nbd2 e5 10. h3 Be6 11. Rc1 O-O 12. O-O Rc8 13. Qb1 Ne8 14. cxd5 cxd5 15.
Rxc8 Qxc8 16. e4 f6 17. d4 Bb4 18. exd5 Bxd5 19. Bd3 g6 20. dxe5 Nxe5 21. Nxe5
fxe5 22. Nc4 Qd8 23. Nxe5 Qg5 24. Ng4 Bd2 25. Be4 Be6 26. Qd3 h5 27. Ne3 Ba5
28. Bxg6 Bb6 29. Bh7+ Kf7 30. Bf5 Rg8 31. Bxe6+ Kxe6 32. Qe4+ Kd7 33. Qxb7+ Bc7
34. Qd5+ 1-0

[Event "II Open"]
[Site "Bolzano - Bozen ITA"]
[Date "2007.05.28"]
[Round "7"]
[White "Scharrer, Patrick"]
[Black "Bevilacqua, Maurizio"]
[Result "1/2-1/2"]
[WhiteElo "2161"]
[BlackElo "2170"]
[PlyCount "68"]
[EventDate "2007.05.25"]

1. e4 c5 2. Nf3 Nc6 3. d3 g6 4. g3 Bg7 5. Bg2 e6 6. O-O Nge7 7. Re1 d6 8. c3
O-O 9. Na3 e5 10. Nc2 f5 11. a3 a5 12. a4 h6 13. Na3 Be6 14. Nb5 d5 15. exd5
Bxd5 16. Qe2 Qd7 17. Nd2 Bxg2 18. Kxg2 Rad8 19. Nc4 Qd5+ 20. f3 f4 21. g4 Qxd3
22. Bd2 g5 23. Qxd3 Rxd3 24. Re2 Ng6 25. Be1 Rfd8 26. Bf2 Bf6 27. Rc1 R8d7 28.
Rcc2 Kf8 29. Bxc5+ Kg7 30. Bf2 Bd8 31. Rcd2 e4 32. Rxd3 exd3 33. Rd2 Bf6 34.
Ncd6 Nge5 1/2-1/2